=LDR 00000nam 2200000 4500 =001 $a INLIS000000000008549 =005 $a 20260629140606 =008 $a 260629###########################0#ind## =022 ##$$a 979-683-842-7 =035 ##$$a 0010-0626000176 =082 ##$$a 616.99 =084 ##$$a 616.99 TAG k =100 #$$a Tagliaferri Mary =245 ##$$a Kanker Payudara $b Cara Pengobatan Alternatif $c Tagliaferri Mary, Tripathy Debu (Penulis) =246 ##$$a =260 ##$$a New York $b PT Macanan Jaya Cemerlang $c 2007 =300 ##$$a 494 hlm $b Ilus $c 23 cm $d =336 ##$$a =337 ##$$a =338 ##$$a =520 #$$a - =650 #$$a Kesehatan =700 #$$a Tripathy Debu =740 ##$$a =856 ##$$a - =Wor $a 1